<?xml version="1.0" encoding="UTF-8"?>
<record
    xmlns:xsi="http://www.w3.org/2001/XMLSchema-instance"
    xsi:schemaLocation="http://www.loc.gov/MARC21/slim http://www.loc.gov/standards/marcxml/schema/MARC21slim.xsd"
    xmlns="http://www.loc.gov/MARC21/slim">

  <leader>01603nam a22001817a 4500</leader>
  <datafield tag="952" ind1=" " ind2=" ">
    <subfield code="0">0</subfield>
    <subfield code="1">0</subfield>
    <subfield code="2">lcc</subfield>
    <subfield code="4">0</subfield>
    <subfield code="7">0</subfield>
    <subfield code="a">11</subfield>
    <subfield code="b">11</subfield>
    <subfield code="d">2013-09-25</subfield>
    <subfield code="l">1</subfield>
    <subfield code="o">HM251 G56 1999</subfield>
    <subfield code="p">11 010344</subfield>
    <subfield code="r">2013-10-18</subfield>
    <subfield code="s">2013-10-18</subfield>
    <subfield code="t">1</subfield>
    <subfield code="w">2013-09-25</subfield>
    <subfield code="y">LB</subfield>
  </datafield>
  <datafield tag="952" ind1=" " ind2=" ">
    <subfield code="0">0</subfield>
    <subfield code="1">0</subfield>
    <subfield code="2">lcc</subfield>
    <subfield code="4">0</subfield>
    <subfield code="7">0</subfield>
    <subfield code="a">11</subfield>
    <subfield code="b">11</subfield>
    <subfield code="d">2013-09-25</subfield>
    <subfield code="l">2</subfield>
    <subfield code="o">HM251 G56 1999</subfield>
    <subfield code="p">11 010345</subfield>
    <subfield code="r">2014-10-17</subfield>
    <subfield code="s">2014-10-17</subfield>
    <subfield code="t">2</subfield>
    <subfield code="w">2013-09-25</subfield>
    <subfield code="y">LB</subfield>
  </datafield>
  <datafield tag="952" ind1=" " ind2=" ">
    <subfield code="0">0</subfield>
    <subfield code="1">0</subfield>
    <subfield code="2">lcc</subfield>
    <subfield code="4">0</subfield>
    <subfield code="7">0</subfield>
    <subfield code="a">11</subfield>
    <subfield code="b">11</subfield>
    <subfield code="d">2013-09-25</subfield>
    <subfield code="l">2</subfield>
    <subfield code="o">HM251 G56 1999</subfield>
    <subfield code="p">11 010346</subfield>
    <subfield code="r">2014-12-09</subfield>
    <subfield code="s">2014-12-09</subfield>
    <subfield code="t">3</subfield>
    <subfield code="w">2013-09-25</subfield>
    <subfield code="y">LB</subfield>
  </datafield>
  <datafield tag="999" ind1=" " ind2=" ">
    <subfield code="c">90898</subfield>
    <subfield code="d">90898</subfield>
  </datafield>
  <controlfield tag="008">130925t1999    mx ||||| |||| 00| 0 spa d</controlfield>
  <datafield tag="020" ind1=" " ind2=" ">
    <subfield code="a">9688566675</subfield>
  </datafield>
  <datafield tag="050" ind1=" " ind2=" ">
    <subfield code="a">HM251</subfield>
    <subfield code="b">G56 1999</subfield>
  </datafield>
  <datafield tag="100" ind1=" " ind2=" ">
    <subfield code="a">G&#xF3;mez del Campo Estrada, Jos&#xE9; Fernando</subfield>
    <subfield code="e">autor</subfield>
  </datafield>
  <datafield tag="245" ind1=" " ind2=" ">
    <subfield code="a">Psicolog&#xED;a de la comunidad</subfield>
    <subfield code="b">: Perspectivas te&#xF3;ricas, modelos y aplicaciones un punto de vista humanista</subfield>
    <subfield code="c">/ Jos&#xE9; Fernando, G&#xF3;mez del Campo Estrada</subfield>
  </datafield>
  <datafield tag="260" ind1=" " ind2=" ">
    <subfield code="a">M&#xE9;xico</subfield>
    <subfield code="b">: Plaza y Vald&#xE9;s editores</subfield>
    <subfield code="c">, 2011</subfield>
  </datafield>
  <datafield tag="300" ind1=" " ind2=" ">
    <subfield code="a">316 p&#xE1;ginas</subfield>
  </datafield>
  <datafield tag="500" ind1=" " ind2=" ">
    <subfield code="a">Incluye: Indice, Introducci&#xF3;n, Bibliograf&#xED;a</subfield>
  </datafield>
  <datafield tag="505" ind1=" " ind2=" ">
    <subfield code="a">1. Antecedentes, historia y fundamentos te&#xF3;ricos de la psicolog&#xED;a comunitaria  
Or&#xED;genes y desarrollo hist&#xF3;rico de la psicolog&#xED;a de la comunidad  
Visi&#xF3;n humanista de la intervenci&#xF3;n comunitaria. El enfoque centrado en la persona  
Algunas consideraciones b&#xE1;sicas acerca de la intervenci&#xF3;n comunitaria  
 
2. Cuatro modelos para la intervenci&#xF3;n comunitaria  
Comunidad y salud mental  
Comportamiento y entorno  
Uso y abuso del poder: un modelo de acci&#xF3;n social para la intervenci&#xF3;n comunitaria  
Desarrollo humano y procesos grupales: un modelo organizacional para la intervenci&#xF3;n comunitaria  

Material de apoyo para el entrenamiento  
Intervenci&#xF3;n en las crisis: manual para el entrenamiento  
Manual para el dise&#xF1;o de programas de intervenci&#xF3;n  
Gu&#xED;a para impartir un curso introductorio de psicolog&#xED;a de la comunidad  
El psic&#xF3;logo comunitario: roles, caracter&#xED;sticas y formaci&#xF3;n  </subfield>
  </datafield>
  <datafield tag="519" ind1=" " ind2=" ">
    <subfield code="a">Material Complementario /  </subfield>
    <subfield code="b">Psicolog&#xED;a / </subfield>
    <subfield code="d">(11 010345)  </subfield>
  </datafield>
  <datafield tag="650" ind1=" " ind2=" ">
    <subfield code="a">PSICOLOG&#xCD;A SOCIAL</subfield>
  </datafield>
  <datafield tag="942" ind1=" " ind2=" ">
    <subfield code="c">LB</subfield>
  </datafield>
</record>
